• 首页
  • 本馆介绍
  • 公告通知
  • 最新文献
  • 馆藏检索
  • 电子资源
  • 读者导购
  • 参考咨询
  • 我的图书馆
  • 登录
  • 详细信息显示
  • 放入我的书架
  • 预约/预借图书
  • 作者相关作品
  • 分类相关作品
  • 丛书相关作品
  • 出版社相关作品

书目信息

  • 表格格式
  • 工作单格式
  • 卡片格式
题名:
造血系统疑难及少见病例诊治分析
    
 
作者: 温春光 编著
分册:  
出版信息: 北京   科学技术文献出版社  2007.02
页数: 294页
开本: 26cm
丛书名:
单 册:
中图分类: R551.04
科图分类:
主题词: 造血系统--zao xie ji tong--血液病--疑难病--诊疗
电子资源:
ISBN: 978-7-5023-5558-6
000 00988nam2 2200253 450
001 0100000406
005 20070630084558.48
010    @a978-7-5023-5558-6@dCNY32.00
100    @a20060613d2007 ekmy0chiy50 ea
101 0  @achi
102    @aCN@b110000
105    @ay a 000yy
200 1  @a造血系统疑难及少见病例诊治分析@Azao xie ji tong yi nan ji shao jian bing li zhen zhi fen xi@f温春光编著@Fwen chun guang bian zhu
210    @a北京@c科学技术文献出版社@d2007.02
215    @a294页@d26cm
320    @a本书章末附参考文献
330    @a本书根据作者数十年的临床诊治经验,对于造血系统疾病中的一些疑难复杂的少见病例进行分析与讨论,内容包括红细胞疾病、白细胞疾病、淋巴系统疾病、浆细胞及免疫性疾病、骨髓增殖性疾病、出凝血性疾病以及感染性疾病。
606 0  @a造血系统@Azao xie ji tong@x血液病@x疑难病@x诊疗
690    @aR551.04@v4
701  0 @a温春光@Awen chun guang@4编著
801  0 @aCN@bYXSD@c20070630
901    @a1111
905    @aBZT@dR551.04@e1@f6
906    @dCNY32.00@n0@r1
    
    造血系统疑难及少见病例诊治分析/温春光编著.-北京:科学技术文献出版社,2007.02
    294页;26cm
    
    
    ISBN 978-7-5023-5558-6:CNY32.00
    本书根据作者数十年的临床诊治经验,对于造血系统疾病中的一些疑难复杂的少见病例进行分析与讨论,内容包括红细胞疾病、白细胞疾病、淋巴系统疾病、浆细胞及免疫性疾病、骨髓增殖性疾病、出凝血性疾病以及感染性疾病。
●
相关链接 在五车中查询图书 在当当中查询图书 在豆瓣中查询图书


正题名:造血系统疑难及少见病例诊治分析     索取号:R551.04/1         预约/预借

序号 登录号 条形码 馆藏地/架位号 状态 备注
1 0568430   230189195   样本书库/样006架B面4层2列/ [索取号:R551.04/1] 在馆    
2 0568431   230189194   中心书库中库/ 中库009架B面1列4层30/ [索取号:R551.04/1] 在馆    
3 0568432   230189193   中心书库中库/ 中库009架B面6列2层38/ [索取号:R551.04/1] 在馆    
4 0568433   230189192   中心书库中库/ 中库009架B面6列2层40/ [索取号:R551.04/1] 在馆    
5 0568434   230189191   中心书库中库/ 中库009架B面6列2层37/ [索取号:R551.04/1] 在馆    
6 0568435   230189190   中心书库中库/ 中库009架B面6列2层39/ [索取号:R551.04/1] 在馆    
山东省滨州职业学院图书馆 欢迎您!
大连网信软件有限公司© 版权所有